<?xml version="1.0" encoding="UTF-8"?>
<record
    xmlns:xsi="http://www.w3.org/2001/XMLSchema-instance"
    xsi:schemaLocation="http://www.loc.gov/MARC21/slim http://www.loc.gov/standards/marcxml/schema/MARC21slim.xsd"
    xmlns="http://www.loc.gov/MARC21/slim">

  <leader>00536nam a22001457a 4500</leader>
  <datafield tag="999" ind1=" " ind2=" ">
    <subfield code="c">30859</subfield>
    <subfield code="d">30859</subfield>
  </datafield>
  <controlfield tag="008">210125b           ||||| |||| 00| 0 eng d</controlfield>
  <datafield tag="020" ind1=" " ind2=" ">
    <subfield code="a">9781544355023</subfield>
  </datafield>
  <datafield tag="050" ind1=" " ind2=" ">
    <subfield code="a">LA 217.2 .J85 2019</subfield>
  </datafield>
  <datafield tag="100" ind1=" " ind2=" ">
    <subfield code="a">Jukes,Ian.</subfield>
  </datafield>
  <datafield tag="245" ind1=" " ind2=" ">
    <subfield code="a">A brief history of the future of education:</subfield>
    <subfield code="b">a learning in the age of distribution/</subfield>
    <subfield code="c">Ian Jukes.</subfield>
  </datafield>
  <datafield tag="260" ind1=" " ind2=" ">
    <subfield code="a">California:</subfield>
    <subfield code="b">Corwin,</subfield>
    <subfield code="c">c2019</subfield>
  </datafield>
  <datafield tag="300" ind1=" " ind2=" ">
    <subfield code="a">xv,172p.:</subfield>
    <subfield code="b">ill.(chiefly col);</subfield>
    <subfield code="c">26cm</subfield>
  </datafield>
  <datafield tag="504" ind1=" " ind2=" ">
    <subfield code="a">Includes bibliographical reference and index</subfield>
  </datafield>
  <datafield tag="942" ind1=" " ind2=" ">
    <subfield code="2">lcc</subfield>
    <subfield code="c">BOOKS</subfield>
    <subfield code="h">LA 217.2 .J85 2019</subfield>
  </datafield>
  <datafield tag="952" ind1=" " ind2=" ">
    <subfield code="0">0</subfield>
    <subfield code="1">0</subfield>
    <subfield code="2">lcc</subfield>
    <subfield code="4">0</subfield>
    <subfield code="7">0</subfield>
    <subfield code="a">MUC</subfield>
    <subfield code="b">MUC</subfield>
    <subfield code="c">GEN</subfield>
    <subfield code="d">2021-01-25</subfield>
    <subfield code="e">purchase(Njigua books)</subfield>
    <subfield code="g">23505.00</subfield>
    <subfield code="l">0</subfield>
    <subfield code="o">LA 217.2 .J85 2019</subfield>
    <subfield code="p">23505</subfield>
    <subfield code="r">2021-01-25</subfield>
    <subfield code="w">2021-01-25</subfield>
    <subfield code="y">BOOKS</subfield>
  </datafield>
  <datafield tag="952" ind1=" " ind2=" ">
    <subfield code="0">0</subfield>
    <subfield code="1">0</subfield>
    <subfield code="2">lcc</subfield>
    <subfield code="4">0</subfield>
    <subfield code="7">0</subfield>
    <subfield code="a">MUC</subfield>
    <subfield code="b">MUC</subfield>
    <subfield code="c">GEN</subfield>
    <subfield code="d">2022-02-04</subfield>
    <subfield code="e">purchase</subfield>
    <subfield code="g">4627.00</subfield>
    <subfield code="l">0</subfield>
    <subfield code="o">LA 217.2 .J85 2019</subfield>
    <subfield code="p">23697</subfield>
    <subfield code="r">2022-02-10</subfield>
    <subfield code="w">2021-01-25</subfield>
    <subfield code="y">BOOKS</subfield>
  </datafield>
</record>
